Berne - Choix multiples - Statistiques

Statistiques générales
  • Ce quiz a été pris 1 782 fois
    1 742 depuis la dernière actualisation
  • Le résultat moyen est 7 sur 10
Statistiques - réponses
Question Réponse % Correct
Quel animal célébré dans la ville a également donné le surnom des habitants de Berne ? Les ours
94%
Que développa Einstein à Berne ? La théorie de la relativité
89%
Quelle langue est majoritairement parlée à Berne ? Allemand
85%
Quel chanteur né près de Berne aime déjeuner en paix ? Stephan Eicher
79%
Quelle photo représente "Zytglogge", la Tour de l'Horloge de Berne ?
72%
Quelle est la bonne orthographe du cours d'eau de Berne ci-dessous ? L'Aar
71%
Dans quel sport se distingue le "CP Berne", l'un des clubs européens qui attire le plus de spectateurs pour son sport ? Hockey sur glace
56%
Lequel de ces portraits a été peint par Paul Klee, artiste bernois à qui est dédié un grand centre d'art dans la ville ?
50%
Qu'évoque la convention de Berne ? Les droits d'auteur
50%
Quel produit est célébré dans une foire populaire qui se déroule en novembre à Berne ? Oignon
31%
Aucun quiz correspondant
Distribution des résultats
% des personnes avec chaque résultat
Percentile par nombre de réponses
Votre historique - résultats
Vous n’avez pas pris ce quiz depuis la dernière actualisation